Boletín de psicología : Hospital Psiquiátrico de La Habana : abril-junio 1979 /

保存先:
書誌詳細
その他の著者: Ordaz Ducungé, Eduardo Bernabé (dirección) (dirección)
フォーマット: 図書
言語:スペイン語
主題:
タグ: タグ追加
タグなし, このレコードへの初めてのタグを付けませんか!

MARC

LEADER 00000nam^a2200000^a^4500
001 000120858
005 20250521000000.0
009 20260310094405.962
037 |a Acervo ITESO - Biblioteca 
041 |a ESP 
082 |a 150. 5  |b BOL 1979 V. 2 T. 2 
240 1 1 |a [Boletín de psicología] 
245 1 0 |a Boletín de psicología :  |b Hospital Psiquiátrico de La Habana : abril-junio 1979 /  |c Dir. de E.B. Ordaz Ducungé. 
264 |a La Habana, Cuba :  |b Ministerio de Salud Pública, Hospital Psiquiátrico de La Habana,  |c 1979 
300 |a 80 p. 
336 |a texto  |b txt  |2 rdacontenido 
337 |a sin mediación  |b n  |2 rdamedio 
338 |a volumen  |b nc  |2 rdasoporte 
649 |a XX 
650 |a Personalidad 
650 |a Aprendizaje 
650 |a Memoria 
650 |a Psicología Cognitiva -  |x Investigación 
650 |a Psicología Evolutiva 
650 |a Género 
650 |a Roles de Género 
650 |a Sexualidad 
650 |a Psicología -  |x Publicaciones Periódicas Cubanas 
700 |a Ordaz Ducungé, Eduardo Bernabé  |e (dirección) 
910 |a Fondo Armando Suárez Gómez 
920 |a Impresos - Libros 
930 |a Fondos Especiales 
905 |a 111 
901 |a 0700006299  |b IT2  |c ESP  |u 20250521 
902 |a https://opac.biblio.iteso.mx/vufind/Record/000120858